Текст томруулах:    
One hot summer in St Petersburg (Бичлэгийн дугаар. 145427)
000 -УДИРДЛАГА
Удирдлага 00643nam a22002537a 4500
003 - ХЯНАЛТЫН ТОО ТОДОРХОЙЛОГЧ
Код MN-UlNUM
005 - БИЧИЛТ ХИЙСЭН ОГНОО
Тухайн бичилтийг бичсэн засварласан сүүлийн огноо 20251107144203.0
008 - ЕРӨНХИЙ МЭДЭЭЛЭЛ
Ерөнхий мэдээлэл 251107s1995 enk||||| |||| 00| 0deng d
020 ## - ISBN
ISBN 0099478218
040 ## - БИЧЛЭГ ҮҮСГЭГЧ БАЙГУУЛЛАГА
Бичлэг үүсгэгч номын сангийн код МУИС-ийн номын сан
084 ## - ББК АНГИЛАЛ
Нэмэлт тусгалт Нэг сэдэвт бүтээл
ББК ангилал 63.3
Зохиогчийн гурван тэмдэгт F 20
Мэдлэгийн ялгаа 63 - Түүх
100 1# - ЗОХИОГЧ
Зохиогчийн нэр Fallowell, Duncan.
245 10 - ҮНДСЭН ГАРЧИГ
Номын нэр One hot summer in St Petersburg
Оролцогчдын тухай мэдээ Duncan Fallowell.
246 3# - ЗЭРЭГЦЭЭ ГАРЧИГ
Зэрэгцээ гарчиг One hot summer in Saint Petersburg
260 ## - ГАРАЛТЫН МЭДЭЭ
Хэвлэгдсэн газар London :
Хэвлэлийн газар Vintage,
Хэвлэгдсэн он 1995.
300 ## - МАТЕРИАЛЫН ТОДОРХОЙЛОЛТ
хуудасны тоо 310 p. ;
Хэмжээ 20 cm.
500 ## - Тайлбар
Дансны дугаар БС 2015
546 ## - ХЭЛНИЙ ТУХАЙ МЭДЭЭ
Хэл Англи хэл дээр,
740 ## - НОМЫН ГАРЧИГ
Гарчиг Dream
740 ## - НОМЫН ГАРЧИГ
Гарчиг Nightmare
740 ## - НОМЫН ГАРЧИГ
Гарчиг Reality
942 ## - ЭЛЕМЕНТИЙН ТӨРӨЛ
Зүйлийн төрөл Ном